Tilastot visalle Uusi-Seelanti-visa

Klikkaa tästä pelataksesi tätä visaa!

Yleistilastot

  • Tätä visaa on pelattu 200 kertaa
  • Keskiarvotulos 10 / 20

Vastaustilastot

VinkkiVastaus% Oikein
PääkaupunkiWellington
93%
*Uusi-Seelanti oli ensimmäinen maa,
joka myönsi yleiset äänioikeudet _____
(Eurooppalaistaustaisille)
Naisille
89%
ValuuttaDollari
84%
Suurin kaupunkiAuckland
77%
Uuden-Seelannin alkuperäiskansaMāori
74%
Peter Jacksonin elokuvatrilogia, joka on
pääosin kuvattu Uudessa-Seelannissa
Taru sormusten
herrasta
67%
Lintu, joka on Uuden-Seelannin symboliKiivi
64%
Tämän eläimen lukumäärä saavutti Uudessa-Seelannissa 70 miljoonan huippuluvun vuonna 1982Lammas
61%
Eteläsaaren suurin kaupunkiChristchurch
49%
Maa, jossa on Zeelandin maakunta, jonka mukaan Uusi-Seelanti on nimettyAlankomaat
45%
Korkein vuoriAoraki / Mount Cook
45%
Rugby union -maajoukkueen nimiAll Blacks
34%
Legendaarinen vuorikiipeilijä,
joka kuoli 2008
Edmund Hillary
32%
Lentokyvytön lintu, joka metsästettiin
sukupuuttoon 1500 jaa.
Moa
30%
Vuorijono, johon tuo vuori kuuluuEteläiset Alpit
29%
Kenties Uuden-Seelannin suosituin turistinähtävyys?Milford {Sound}
28%
Ensimmäinen eurooppalainen
tutkimusmatkailija Uudessa-Seelannissa
Abel Tasman
27%
Nimi, jolla tuo alkuperäiskansa
kutsuu Uutta-Seelantia
Aotearoa
26%
Suurin järvi{Taupo}järvi
18%
Pisin jokiWaikato
16%

Tulosjakauma

Persentiili vastausten määrän mukaan

Jokaisen tuloksen saaneiden osuus

Tuloshistoriasi

Et ole pelannut tätä visaa